[Event "FIDE World Senior Team Championship 2020"]
[Site "Olympik hotel, Sokolovska 138,"]
[Date "2020.03.07"]
[Round "2.13"]
[White "Yakimenko, Alexander A."]
[Black "Svobodova, Michaela"]
[Result "1-0"]
[WhiteElo "2149"]
[BlackElo "1988"]
[PlyCount "169"]
[EventDate "2020.03.06"]
[WhiteTeam "RUS2"]
[BlackTeam "CZEW1"]

1. e4 c5 2. Nf3 e6 3. b3 b6 4. Bb2 Bb7 5. Bd3 Nc6 6. Nc3 d6 7. O-O Nf6 8. Re1
Be7 9. Bf1 O-O 10. d4 cxd4 11. Nxd4 Rc8 12. Qd2 Nxd4 13. Qxd4 Qc7 14. Nb5 Qc5
15. Bd3 a6 16. Ba3 Qxd4 17. Nxd4 Rfd8 18. c4 Bf8 19. Bb2 d5 20. cxd5 exd5 21.
e5 Ne4 22. Rac1 Bc5 23. f3 Ng5 24. Bf5 Ne6 25. Rcd1 Kf8 26. Kh1 Ke7 27. Nxe6
fxe6 28. Bd3 h6 29. Re2 Bb4 30. h4 Rf8 31. Kh2 a5 32. Kg3 Bc3 33. Ba3+ Bb4 34.
Bb2 Bc3 35. Bc1 Bc6 36. a4 Be8 37. Ba6 Rc6 38. Bb5 Rc8 39. Ba6 Rc6 40. Bd3 Bb4
41. Bb2 Bd7 42. Kg4 Rfc8 43. f4 Bc3 44. Ba3+ Bb4 45. Bb2 Bc3 46. Ba6 R8c7 47.
Bb5 Rc5 48. Ba3 Bb4 49. Bxb4 axb4 50. Bxd7 Rxd7 51. Rd4 b5 52. Rxb4 bxa4 53.
bxa4 d4 54. Rd2 d3 55. Rb3 Rcd5 56. h5 Rd4 57. Ra3 Ra7 58. a5 Ra6 59. Rdxd3
Rxd3 60. Rxd3 Rxa5 61. Rb3 Ra7 62. Rb6 Kf7 63. Kh4 Rc7 64. g3 Ra7 65. Kh3 Rc7
66. g4 Rc3+ 67. Kh4 Rc4 68. Rb7+ Kf8 69. Kg3 Rc3+ 70. Kf2 Rc2+ 71. Ke3 Rc3+ 72.
Kd4 Rg3 73. Kc5 Rd3 74. Kc6 Rd4 75. Rd7 Rxf4 76. Kd6 Rxg4 77. Kxe6 Kg8 78. Rf7
Rg5 79. Rf5 Rg1 80. Kd7 g6 81. hxg6 Rxg6 82. e6 Rg7+ 83. Ke8 Ra7 84. Rf8+ Kg7
85. Rf7+ 1-0

[Event "FIDE World Senior Team Championship 2020"]
[Site "Olympik hotel, Sokolovska 138,"]
[Date "2020.03.07"]
[Round "2.13"]
[White "Taborska, Veronika"]
[Black "Chudinovskikh, Alexander M"]
[Result "0-1"]
[WhiteElo "1995"]
[BlackElo "2139"]
[PlyCount "68"]
[EventDate "2020.03.06"]
[WhiteTeam "CZEW1"]
[BlackTeam "RUS2"]

1. d4 Nf6 2. c4 e6 3. Nc3 Bb4 4. a3 Bxc3+ 5. bxc3 b6 6. Nf3 Ba6 7. e3 Nc6 8.
Bd3 Na5 9. Qe2 d5 10. cxd5 Bxd3 11. Qxd3 exd5 12. O-O O-O 13. Ne5 Nd7 14. Nxd7
Qxd7 15. e4 dxe4 16. Qxe4 Rfe8 17. Qf3 Nc4 18. Bf4 c6 19. h3 Re6 20. Rfd1 Qd5
21. Qxd5 cxd5 22. a4 Rae8 23. Rab1 f6 24. Rb5 g5 25. Bg3 Rd8 26. Kf1 a6 27.
Rbb1 Rde8 28. Bc7 R8e7 29. Bg3 Kf7 30. Rbc1 Nb2 31. Rd2 Nc4 32. Rdd1 Re2 33.
Kg1 Ke8 34. f3 Ne3 0-1

[Event "FIDE World Senior Team Championship 2020"]
[Site "Olympik hotel, Sokolovska 138,"]
[Date "2020.03.07"]
[Round "2.14"]
[White "Bryson, Douglas M"]
[Black "Chin, Francis Choy Wan"]
[Result "1-0"]
[WhiteElo "2334"]
[BlackElo "1870"]
[PlyCount "69"]
[EventDate "2020.03.06"]
[WhiteTeam "SCO1"]
[BlackTeam "MAS"]

1. e4 e6 2. d4 d5 3. Nc3 Bb4 4. e5 c5 5. a3 Bxc3+ 6. bxc3 Qc7 7. Qg4 f5 8. Qg3
cxd4 9. cxd4 Ne7 10. Ne2 O-O 11. c3 b6 12. Nf4 Qd7 13. a4 Ba6 14. Bb5 Bxb5 15.
axb5 Rf7 16. O-O a5 17. Re1 Ra7 18. Ba3 Rc7 19. Bd6 Rc8 20. c4 Rxc4 21. Bxb8
Rxd4 22. Rac1 Re4 23. Red1 Qxb5 24. Nxe6 f4 25. Qh3 h6 26. Bd6 Nc6 27. Nc7 Qa4
28. Nxd5 Nd4 29. Nc3 Ne2+ 30. Nxe2 Rxe2 31. Rc8+ Kh7 32. Qd3+ Qe4 33. Qxe4+
Rxe4 34. Rb8 Rd7 35. Ra1 1-0

[Event "FIDE World Senior Team Championship 2020"]
[Site "Olympik hotel, Sokolovska 138,"]
[Date "2020.03.07"]
[Round "2.14"]
[White "Muzzaffar, Ahmad"]
[Black "Farrell, Neil"]
[Result "1/2-1/2"]
[WhiteElo "1815"]
[BlackElo "2183"]
[PlyCount "55"]
[EventDate "2020.03.06"]
[WhiteTeam "MAS"]
[BlackTeam "SCO1"]

1. e4 e6 2. d4 d5 3. e5 c5 4. c3 Nc6 5. Nf3 Qb6 6. Bd3 cxd4 7. cxd4 Bd7 8. O-O
Nxd4 9. Nbd2 Bc5 10. b4 Qxb4 11. Nxd4 Bxd4 12. Rb1 Qa4 13. Bc2 Qxa2 14. Nf3 Bc5
15. Ng5 Ne7 16. Rxb7 Qa6 17. Rb1 h6 18. Qh5 g6 19. Qh4 Qe2 20. Ba4 Bxa4 21.
Qxa4+ Kf8 22. Qh4 Qh5 23. Nxe6+ fxe6 24. Qf6+ Kg8 25. Qxe6+ Kf8 26. Qf6+ Kg8
27. Qe6+ Kf8 28. Qf6+ 1/2-1/2

[Event "FIDE World Senior Team Championship 2020"]
[Site "Olympik hotel, Sokolovska 138,"]
[Date "2020.03.07"]
[Round "2.15"]
[White "Hahn, Andreas"]
[Black "Bartak, Vladimir"]
[Result "0-1"]
[WhiteElo "1892"]
[BlackElo "2276"]
[PlyCount "56"]
[EventDate "2020.03.06"]
[WhiteTeam "GER8"]
[BlackTeam "CZE6"]

1. e4 c5 2. Nf3 Nc6 3. c3 d5 4. exd5 Qxd5 5. h3 e5 6. c4 Qd6 7. d3 Bf5 8. Nh4
Be6 9. Nc3 O-O-O 10. a3 Qe7 11. Nf3 h6 12. Qe2 Qc7 13. Bd2 Nge7 14. O-O-O Nf5
15. g4 Nfd4 16. Nxd4 Nxd4 17. Qe3 Qb6 18. Nb5 Nxb5 19. cxb5 Be7 20. a4 Rd4 21.
b4 cxb4 22. Kb2 f6 23. Bg2 Kb8 24. Be4 Bf7 25. f4 Qe6 26. Ra1 Qb3+ 27. Kc1 Rc8+
28. Bc6 bxc6 0-1

[Event "FIDE World Senior Team Championship 2020"]
[Site "Olympik hotel, Sokolovska 138,"]
[Date "2020.03.07"]
[Round "2.15"]
[White "Hosticka, Frantisek"]
[Black "Nuernberger, Thomas"]
[Result "1-0"]
[WhiteElo "2096"]
[BlackElo "2020"]
[PlyCount "75"]
[EventDate "2020.03.06"]
[WhiteTeam "CZE6"]
[BlackTeam "GER8"]

1. e4 c5 2. Nf3 Nc6 3. Bb5 d6 4. O-O e5 5. h3 g6 6. c3 Bg7 7. d4 cxd4 8. cxd4
Bd7 9. dxe5 dxe5 10. Nc3 Nge7 11. Be3 O-O 12. Bc5 Re8 13. Bc4 Na5 14. Bb5 Nac6
15. a3 h6 16. Bc4 Qc8 17. Rc1 Be6 18. Nd5 Kh7 19. Bb5 Nxd5 20. exd5 Rd8 21. Bc4
e4 22. Nh2 Ne5 23. Bd4 Nxc4 24. Bxg7 Bxd5 25. Bc3 Bc6 26. Qe2 Qe6 27. Ng4 h5
28. Nf6+ Kh6 29. b3 Ne5 30. Qe3+ g5 31. f4 Qxf6 32. fxe5 Qg6 33. Rf6 Rd3 34.
Rxg6+ fxg6 35. Qe2 Rad8 36. e6 e3 37. e7 R8d5 38. Qf1 1-0

[Event "FIDE World Senior Team Championship 2020"]
[Site "Olympik hotel, Sokolovska 138,"]
[Date "2020.03.07"]
[Round "2.15"]
[White "Fuchs, Joachim"]
[Black "Gdovin, Jan"]
[Result "1/2-1/2"]
[WhiteElo "1970"]
[BlackElo "2035"]
[PlyCount "42"]
[EventDate "2020.03.06"]
[WhiteTeam "GER8"]
[BlackTeam "CZE6"]

1. d4 e6 2. c4 d5 3. Nc3 Nf6 4. Nf3 Nbd7 5. Bf4 c6 6. e3 Be7 7. Bd3 dxc4 8.
Bxc4 b5 9. Bd3 Bb7 10. O-O a6 11. Ne4 Nxe4 12. Bxe4 Nf6 13. Bd3 O-O 14. Rc1 Rc8
15. Ne5 c5 16. dxc5 Bxc5 17. Bb1 Re8 18. Qe2 Be7 19. h3 g6 20. Rcd1 Qb6 21. Bg5
Kg7 1/2-1/2

[Event "FIDE World Senior Team Championship 2020"]
[Site "Olympik hotel, Sokolovska 138,"]
[Date "2020.03.07"]
[Round "2.15"]
[White "Kalvach, Ladislav"]
[Black "Madalinski, Rainer"]
[Result "1-0"]
[WhiteElo "1773"]
[BlackElo "1796"]
[PlyCount "93"]
[EventDate "2020.03.06"]
[WhiteTeam "CZE6"]
[BlackTeam "GER8"]

1. c4 g6 2. g3 Bg7 3. Bg2 c6 4. Nc3 Nf6 5. e4 d6 6. d4 O-O 7. Nf3 d5 8. cxd5
cxd5 9. e5 Ne8 10. Qb3 e6 11. Bg5 f6 12. exf6 Nxf6 13. Ne5 Nc6 14. Rd1 Qc7 15.
Nxc6 bxc6 16. Bf4 Qb6 17. Qxb6 axb6 18. Bc7 b5 19. Bd6 Rf7 20. O-O Bd7 21. Bh3
Bf8 22. Bxf8 Rfxf8 23. a3 Rab8 24. Rfe1 Kf7 25. f3 Nh5 26. Rd2 Ng7 27. Kf2 Rfe8
28. Rde2 Nf5 29. Bxf5 exf5 30. Rxe8 Rxe8 31. Rxe8 Bxe8 32. Ke3 Kf6 33. h4 h6
34. b3 Ke6 35. a4 Kd6 36. Kf4 Bd7 37. a5 c5 38. dxc5+ Kxc5 39. Ke5 d4 40. Nd5
Bc6 41. Nf4 Bxf3 42. Nd3+ Kc6 43. Kxd4 Be4 44. Ne5+ Kd6 45. Nxg6 Kc6 46. Ne7+
Kd7 47. Ng8 1-0

[Event "FIDE World Senior Team Championship 2020"]
[Site "Olympik hotel, Sokolovska 138,"]
[Date "2020.03.07"]
[Round "2.17"]
[White "Nemec, Pavel"]
[Black "Jackson, Sheila"]
[Result "1-0"]
[WhiteElo "2224"]
[BlackElo "2085"]
[PlyCount "115"]
[EventDate "2020.03.06"]
[WhiteTeam "CZE12"]
[BlackTeam "ENGW"]

1. e4 e5 2. Nf3 Nc6 3. Nc3 Nf6 4. Bb5 Bb4 5. O-O O-O 6. d3 d6 7. Bg5 Bxc3 8.
bxc3 h6 9. Bh4 Bg4 10. h3 Bxf3 11. Qxf3 g5 12. Bg3 Qe7 13. Bxc6 bxc6 14. Rab1
Rab8 15. h4 Rb6 16. c4 c5 17. Rb3 Rfb8 18. Re1 Qe6 19. Kf1 Kg7 20. Ke2 Kg6 21.
hxg5 hxg5 22. Rh1 Qg4 23. Qxg4 Nxg4 24. f3 Nf6 25. Be1 Nh5 26. Kf2 Nf4 27. Ba5
Rxb3 28. axb3 Ne6 29. Ra1 Rb7 30. Bc3 f6 31. g3 Kg7 32. Rg1 Kg6 33. Kg2 c6 34.
Ra1 Nd4 35. Ra2 f5 36. Bxd4 cxd4 37. Ra6 Rc7 38. b4 fxe4 39. fxe4 g4 40. Kf2
Kf7 41. Ke2 Ke6 42. Kd2 Kd7 43. c3 dxc3+ 44. Kxc3 Rb7 45. Ra2 d5 46. exd5 cxd5
47. Ra6 dxc4 48. dxc4 Ke7 49. c5 Kf7 50. Rh6 Kg7 51. Re6 a5 52. bxa5 Rb5 53.
Kc4 Rxa5 54. c6 Kf7 55. c7 Ra8 56. Rxe5 Rc8 57. Rc5 Ke6 58. Kb5 1-0

[Event "FIDE World Senior Team Championship 2020"]
[Site "Olympik hotel, Sokolovska 138,"]
[Date "2020.03.07"]
[Round "2.17"]
[White "Bellin, Jana M"]
[Black "Buksa, Jaromir"]
[Result "1/2-1/2"]
[WhiteElo "2020"]
[BlackElo "2084"]
[PlyCount "55"]
[EventDate "2020.03.06"]
[WhiteTeam "ENGW"]
[BlackTeam "CZE12"]

1. d4 Nf6 2. Nf3 e6 3. e3 b6 4. Bd3 Bb7 5. Nbd2 Be7 6. b3 O-O 7. Bb2 d6 8. O-O
Nbd7 9. c4 c5 10. Re1 Qc7 11. Qe2 Rfe8 12. Rad1 e5 13. dxe5 dxe5 14. Ng5 g6 15.
Nge4 Rad8 16. Nxf6+ Bxf6 17. Be4 Bxe4 18. Nxe4 Be7 19. Nc3 Nf6 20. Nb5 Qb8 21.
Rxd8 Rxd8 22. Rd1 a6 23. Nc3 Rxd1+ 24. Qxd1 Qb7 25. Nd5 Nxd5 26. cxd5 Bd6 27.
e4 Qc7 28. Qd2 1/2-1/2

[Event "FIDE World Senior Team Championship 2020"]
[Site "Olympik hotel, Sokolovska 138,"]
[Date "2020.03.07"]
[Round "2.17"]
[White "Horyna, Josef"]
[Black "Lauterbach, Ingrid"]
[Result "1/2-1/2"]
[WhiteElo "1756"]
[BlackElo "2057"]
[PlyCount "113"]
[EventDate "2020.03.06"]
[WhiteTeam "CZE12"]
[BlackTeam "ENGW"]

1. d4 d6 2. g3 g6 3. Bg2 Bg7 4. Nf3 Nd7 5. O-O e5 6. dxe5 dxe5 7. e4 Ngf6 8.
Nc3 O-O 9. Re1 c6 10. h3 Qc7 11. Be3 b5 12. a3 Rd8 13. Qc1 Bb7 14. Bh6 a5 15.
Bxg7 Kxg7 16. Qe3 Ne8 17. Nd2 Nd6 18. b4 f6 19. Bf1 Nf8 20. bxa5 Ne6 21. Nb3 c5
22. Nxb5 Nxb5 23. Bxb5 c4 24. a6 Bxa6 25. Bxa6 Rxa6 26. Nd2 Rad6 27. Nf3 c3 28.
Qe2 Qc5 29. Reb1 R8d7 30. a4 Qc6 31. a5 Nc5 32. Rb6 Qxe4 33. Qxe4 Nxe4 34. Rxd6
Nxd6 35. a6 Ra7 36. Kf1 Kf7 37. Ke2 Ke6 38. Ra5 h6 39. g4 Ne4 40. Nh4 Ng5 41.
Nxg6 Nxh3 42. f3 Kf7 43. Nh4 Nf4+ 44. Ke3 Ke6 45. Ke4 Nh3 46. Kd3 Nf2+ 47. Kxc3
e4 48. fxe4 Nxg4 49. Kd4 Kd6 50. c4 Ne5 51. Nf5+ Kc7 52. Kd5 h5 53. c5 Nc6 54.
Ra4 Rxa6 55. Rxa6 Nb4+ 56. Ke6 Nxa6 57. Kxf6 1/2-1/2

[Event "FIDE World Senior Team Championship 2020"]
[Site "Olympik hotel, Sokolovska 138,"]
[Date "2020.03.07"]
[Round "2.17"]
[White "Frostick, Helen M"]
[Black "Zabehlicky, Jiri"]
[Result "1-0"]
[WhiteElo "1858"]
[BlackElo "1462"]
[PlyCount "109"]
[EventDate "2020.03.06"]
[WhiteTeam "ENGW"]
[BlackTeam "CZE12"]

1. e4 e5 2. Nf3 Nc6 3. Bb5 a6 4. Ba4 Nf6 5. O-O Be7 6. Re1 b5 7. Bb3 d6 8. c3
O-O 9. h3 Na5 10. Bc2 c5 11. d3 Nc6 12. Nbd2 Re8 13. Nf1 g6 14. Ng3 Bf8 15. Bg5
Bg7 16. Qd2 a5 17. a4 b4 18. Bh6 Rb8 19. Bxg7 Kxg7 20. d4 Ba6 21. d5 Ne7 22.
Bd3 c4 23. Bc2 b3 24. Bd1 Neg8 25. Be2 Nd7 26. Bf1 Qf6 27. Qe3 Nc5 28. Nd2 Nd3
29. Bxd3 cxd3 30. c4 Rec8 31. Qxd3 Rb4 32. Rec1 Qe7 33. Rc3 Rcb8 34. Rac1 Qc7
35. Qe3 Rxa4 36. c5 dxc5 37. Rxc5 Qa7 38. Qc3 Qb6 39. Qxe5+ Kf8 40. Rc6 Qb5 41.
Qd6+ Kg7 42. Rxa6 Rd4 43. Qe5+ Kf8 44. Qxd4 Qxa6 45. Rc7 Rb6 46. Qc5+ Kg7 47.
e5 Rb5 48. Qd4 Rb4 49. Qc3 Kh6 50. Qe3+ Kg7 51. e6 Rb7 52. Qe5+ Nf6 53. Rxb7
Qxb7 54. e7 Qd7 55. Nde4 1-0

[Event "FIDE World Senior Team Championship 2020"]
[Site "Olympik hotel, Sokolovska 138,"]
[Date "2020.03.07"]
[Round "2.18"]
[White "Schlag, Andreas"]
[Black "Dettmann, Holger"]
[Result "1/2-1/2"]
[WhiteElo "2057"]
[BlackElo "2012"]
[PlyCount "84"]
[EventDate "2020.03.06"]
[WhiteTeam "GER7"]
[BlackTeam "GER11"]

1. e4 g6 2. d4 Bg7 3. Nc3 c6 4. Be3 d5 5. e5 h5 6. Nge2 Nh6 7. f3 Na6 8. Qd2
Nc7 9. Nf4 Nf5 10. Nd3 Ne6 11. Ne2 Nxe3 12. Qxe3 Bh6 13. f4 b6 14. Qf3 c5 15.
c3 c4 16. Nb4 Nc7 17. Nc2 Bg4 18. Qf2 Ne6 19. g3 Bf5 20. Ne3 Be4 21. Bg2 Bxg2
22. Qxg2 Nc7 23. O-O e6 24. Kh1 Qe7 25. Qf3 Bg7 26. Rfc1 O-O 27. Rg1 f5 28. Rg2
Kf7 29. h3 Rh8 30. Kg1 b5 31. g4 hxg4 32. hxg4 Qh4 33. Ng3 fxg4 34. Nxg4 Raf8
35. Kf2 Qe7 36. Rag1 Ke8 37. Ke2 Rh3 38. Rh2 Rxh2+ 39. Nxh2 Bh6 40. f5 exf5 41.
Ngf1 Qe6 42. Qg3 g5 1/2-1/2

[Event "FIDE World Senior Team Championship 2020"]
[Site "Olympik hotel, Sokolovska 138,"]
[Date "2020.03.07"]
[Round "2.18"]
[White "Kundt, Guenther"]
[Black "Mikolajewski, Armin"]
[Result "1/2-1/2"]
[WhiteElo "1747"]
[BlackElo "1993"]
[PlyCount "43"]
[EventDate "2020.03.06"]
[WhiteTeam "GER11"]
[BlackTeam "GER7"]

1. d4 Nf6 2. c4 e6 3. a3 d5 4. cxd5 exd5 5. Nc3 c6 6. Bg5 Be7 7. Qc2 Nbd7 8. e3
h6 9. Bh4 O-O 10. Bd3 Re8 11. Nge2 Nf8 12. O-O Nh5 13. Bxe7 Qxe7 14. Rae1 Qg5
15. Kh1 Bd7 16. e4 Nf4 17. Nxf4 Qxf4 18. Ne2 Qh4 19. e5 Bg4 20. f4 Ne6 21. Qd2
g6 22. Qe3 1/2-1/2

[Event "FIDE World Senior Team Championship 2020"]
[Site "Olympik hotel, Sokolovska 138,"]
[Date "2020.03.07"]
[Round "2.18"]
[White "Baerthel, Klaus"]
[Black "Mueggenburg, Rolf"]
[Result "1-0"]
[WhiteElo "1875"]
[BlackElo "1666"]
[PlyCount "69"]
[EventDate "2020.03.06"]
[WhiteTeam "GER7"]
[BlackTeam "GER11"]

1. e4 e5 2. Nf3 d6 3. d4 exd4 4. Nxd4 a6 5. Bc4 Nf6 6. f3 Qe7 7. O-O Qe5 8. c3
Qc5 9. Bb3 Be7 10. Be3 Nc6 11. Qe2 Nxd4 12. cxd4 Qh5 13. Nc3 c6 14. g4 Qg6 15.
Bc2 Nd7 16. e5 Qe6 17. Bf5 Qxf5 18. gxf5 dxe5 19. dxe5 b6 20. e6 fxe6 21. fxe6
Nc5 22. Bxc5 Bxc5+ 23. Kh1 a5 24. Qe5 O-O 25. Ne4 Be7 26. Rad1 Ba6 27. Rf2 g6
28. Rg1 Bc5 29. Nxc5 bxc5 30. e7 Rfe8 31. Qe6+ Kg7 32. Re1 Rac8 33. f4 Rb8 34.
f5 Rbc8 35. Qe5+ 1-0

[Event "FIDE World Senior Team Championship 2020"]
[Site "Olympik hotel, Sokolovska 138,"]
[Date "2020.03.07"]
[Round "2.18"]
[White "Geibel, Henning"]
[Black "Hauke, Hans"]
[Result "0-1"]
[WhiteElo "1382"]
[BlackElo "1688"]
[PlyCount "48"]
[EventDate "2020.03.06"]
[WhiteTeam "GER11"]
[BlackTeam "GER7"]

1. e4 d5 2. exd5 Nf6 3. c4 c6 4. dxc6 Nxc6 5. Nc3 e5 6. d3 Bf5 7. Qf3 Nd4 8.
Qd1 Bc5 9. h3 O-O 10. Nf3 Re8 11. Be2 Nxe2 12. Qxe2 Bxd3 13. Qd2 e4 14. Qg5
exf3+ 15. Be3 Bxe3 16. fxe3 Qb6 17. b3 Rxe3+ 18. Kd2 Re2+ 19. Kxd3 Rd8+ 20. Nd5
Nxd5 21. cxd5 Qb5+ 22. Kd4 Qb4+ 23. Kd3 Qe4+ 24. Kc3 Rc8# 0-1

[Event "FIDE World Senior Team Championship 2020"]
[Site "Olympik hotel, Sokolovska 138,"]
[Date "2020.03.07"]
[Round "2.19"]
[White "Priedite, Ingrida"]
[Black "Schutte, Andre"]
[Result "1/2-1/2"]
[WhiteElo "2038"]
[BlackElo "1827"]
[PlyCount "55"]
[EventDate "2020.03.06"]
[WhiteTeam "LAT"]
[BlackTeam "RSA"]

1. c4 e5 2. Nc3 Nf6 3. g3 Nc6 4. Bg2 Bb4 5. Nf3 Bxc3 6. bxc3 O-O 7. O-O Re8 8.
d3 h6 9. Nd2 d5 10. cxd5 Nxd5 11. Ne4 Rb8 12. c4 Nde7 13. Rb1 b6 14. Bb2 Bb7
15. f4 exf4 16. Rxf4 Ng6 17. Rf2 Nce5 18. h3 Nxc4 19. Nf6+ gxf6 20. dxc4 Bxg2
21. Kxg2 Qxd1 22. Rxd1 Rbd8 23. Rxd8 Rxd8 24. Bxf6 Rd2 25. e4 Rd3 26. Rf3 Rd2+
27. Rf2 Rd3 28. Rf3 1/2-1/2

[Event "FIDE World Senior Team Championship 2020"]
[Site "Olympik hotel, Sokolovska 138,"]
[Date "2020.03.07"]
[Round "2.19"]
[White "Southey, Andrew M."]
[Black "Ungure, Liga"]
[Result "0-1"]
[WhiteElo "1781"]
[BlackElo "1923"]
[PlyCount "84"]
[EventDate "2020.03.06"]
[WhiteTeam "RSA"]
[BlackTeam "LAT"]

1. e4 c5 2. Nf3 e6 3. d3 Nc6 4. g3 g6 5. Bg2 Bg7 6. O-O Nge7 7. a3 O-O 8. c3 d5
9. Qe2 b6 10. exd5 Nxd5 11. Nbd2 Bb7 12. Ne4 h6 13. h4 Qe7 14. Be3 Rad8 15.
Rad1 e5 16. Bc1 Ba6 17. Ned2 Rfe8 18. Rfe1 f5 19. c4 Nc7 20. Nb3 Qd6 21. Qc2
Bc8 22. Nh2 Bd7 23. f4 a5 24. Nf3 Ne6 25. fxe5 Nxe5 26. Nxe5 Bxe5 27. Rxe5 Qxe5
28. Qf2 a4 29. Na1 Nd4 30. Bxh6 Qe2 31. Bd5+ Kh7 32. Qxe2 Nxe2+ 33. Kf2 Kxh6
34. Nc2 Nd4 35. Ne3 Bc6 36. g4 f4 37. g5+ Kg7 38. Ng4 Bxd5 39. cxd5 Re2+ 40.
Kf1 Rxd5 41. Nf6 Rde5 42. Ne4 Rh2 0-1

[Event "FIDE World Senior Team Championship 2020"]
[Site "Olympik hotel, Sokolovska 138,"]
[Date "2020.03.07"]
[Round "2.19"]
[White "Goldmane, Astra"]
[Black "Ohlson, Cecil"]
[Result "1-0"]
[WhiteElo "2015"]
[BlackElo "1643"]
[PlyCount "89"]
[EventDate "2020.03.06"]
[WhiteTeam "LAT"]
[BlackTeam "RSA"]

1. e4 e5 2. Nf3 Nc6 3. Bc4 Bc5 4. c3 Nf6 5. b4 Be7 6. Qe2 O-O 7. O-O a6 8. a3
d6 9. h3 Be6 10. d3 Re8 11. Bg5 h6 12. Bxf6 Bxf6 13. Nbd2 Bxc4 14. dxc4 Ne7 15.
Rfd1 Ng6 16. g3 c5 17. Nf1 b6 18. Ne3 Re6 19. Nh2 Qd7 20. Nd5 Qc6 21. Ng4 Bg5
22. h4 Bd8 23. b5 Qd7 24. a4 a5 25. h5 Nf8 26. Rd3 Nh7 27. Rad1 Ng5 28. Kg2 Nh7
29. Nde3 Be7 30. Nf5 Qc7 31. Nge3 Bf8 32. Nd5 Qb7 33. Qg4 Rd8 34. Qh4 Rd7 35.
Qg4 Nf6 36. Nxh6+ Kh7 37. Nxf6+ Rxf6 38. Nf5 g6 39. hxg6+ Rxg6 40. Qh4+ Kg8 41.
Rh1 f6 42. Qh8+ Kf7 43. Rh7+ Ke6 44. Rxd7 Qxe4+ 45. Rf3 1-0

[Event "FIDE World Senior Team Championship 2020"]
[Site "Olympik hotel, Sokolovska 138,"]
[Date "2020.03.07"]
[Round "2.19"]
[White "Van Schaik, Michael"]
[Black "Harlinska, Sandra"]
[Result "1-0"]
[WhiteElo "1537"]
[BlackElo "1817"]
[PlyCount "107"]
[EventDate "2020.03.06"]
[WhiteTeam "RSA"]
[BlackTeam "LAT"]

1. e4 c6 2. d4 d5 3. Nc3 dxe4 4. Nxe4 Bf5 5. Ng3 Bg6 6. Nf3 Nd7 7. Bc4 Ngf6 8.
O-O e6 9. Re1 Be7 10. Bg5 Nd5 11. Bxe7 Qxe7 12. a3 O-O 13. Qd2 Rfd8 14. Bxd5
cxd5 15. Ne5 Nxe5 16. Rxe5 Rac8 17. c3 b5 18. Rae1 a5 19. f4 b4 20. axb4 axb4
21. f5 bxc3 22. bxc3 Bxf5 23. Nxf5 Qa3 24. Ng3 Qxc3 25. Qxc3 Rxc3 26. R5e3 Rc4
27. Rd3 Rb8 28. Red1 Kf8 29. Nf1 Rb2 30. Ne3 Ra4 31. R1d2 Rb5 32. Kf2 Ke7 33.
Nc2 Rb2 34. Ke2 Raa2 35. Ne3 Rxd2+ 36. Rxd2 Rxd2+ 37. Kxd2 Kd6 38. Ng4 h5 39.
Nf2 e5 40. dxe5+ Kxe5 41. Ke3 d4+ 42. Kd3 g5 43. Ne4 g4 44. Ng3 h4 45. Ne2 f5
46. g3 hxg3 47. hxg3 Kd5 48. Nxd4 f4 49. gxf4 g3 50. Nf3 g2 51. Ng1 Ke6 52. Ke4
Kf6 53. Kf3 Kf5 54. Nh3 1-0

[Event "FIDE World Senior Team Championship 2020"]
[Site "Olympik hotel, Sokolovska 138,"]
[Date "2020.03.07"]
[Round "2.20"]
[White "Svanda, Pavel"]
[Black "Grosselohmann, Gerhard"]
[Result "1-0"]
[WhiteElo "2074"]
[BlackElo "1965"]
[PlyCount "53"]
[EventDate "2020.03.06"]
[WhiteTeam "CZE8"]
[BlackTeam "GER9"]

1. e4 c5 2. Nf3 d6 3. Bc4 Nc6 4. c3 Nf6 5. d3 g6 6. O-O Bg7 7. Re1 O-O 8. Nbd2
a6 9. Bb3 Nh5 10. Nf1 Rb8 11. Be3 Nf6 12. h3 b5 13. Qd2 Bb7 14. Bh6 e6 15. Bxg7
Kxg7 16. Ng3 e5 17. Rad1 Qc7 18. Nf5+ Kh8 19. Qh6 Rg8 20. Ng5 Nd8 21. d4 c4 22.
Bc2 exd4 23. Rxd4 gxf5 24. Qxf6+ Rg7 25. exf5 Nc6 26. Rg4 Rbg8 27. Rh4 1-0

[Event "FIDE World Senior Team Championship 2020"]
[Site "Olympik hotel, Sokolovska 138,"]
[Date "2020.03.07"]
[Round "2.20"]
[White "Buchholz, Ralf"]
[Black "Miculka, Petr"]
[Result "1/2-1/2"]
[WhiteElo "1851"]
[BlackElo "2040"]
[PlyCount "43"]
[EventDate "2020.03.06"]
[WhiteTeam "GER9"]
[BlackTeam "CZE8"]

1. c4 Nf6 2. Nc3 g6 3. g3 Bg7 4. Bg2 O-O 5. Nf3 d6 6. O-O e5 7. e4 c6 8. d3 a5
9. Bg5 h6 10. Bd2 Ne8 11. Nh4 Kh7 12. Qe2 Na6 13. Rab1 Nc5 14. b3 f5 15. exf5
gxf5 16. Na4 Nd7 17. Qh5 Qf6 18. Nxf5 Nc5 19. Nxg7 Nxg7 20. Qe2 Nge6 21. Nxc5
Nxc5 22. Be3 1/2-1/2

[Event "FIDE World Senior Team Championship 2020"]
[Site "Olympik hotel, Sokolovska 138,"]
[Date "2020.03.07"]
[Round "2.20"]
[White "Tesar, Jan"]
[Black "Schwieger, Wolfgang"]
[Result "1-0"]
[WhiteElo "2008"]
[BlackElo "1835"]
[PlyCount "125"]
[EventDate "2020.03.06"]
[WhiteTeam "CZE8"]
[BlackTeam "GER9"]

1. d4 d5 2. Nf3 Nf6 3. e3 b6 4. Bd3 Bb7 5. O-O e6 6. b3 Be7 7. Bb2 O-O 8. Nbd2
Ne4 9. Ne5 Nxd2 10. Qxd2 f6 11. Nf3 f5 12. Ne5 Bd6 13. Qe2 Nd7 14. f4 Nxe5 15.
dxe5 Be7 16. Rad1 Qc8 17. Rf3 Rf7 18. Rh3 a5 19. g4 Ba6 20. gxf5 Bxd3 21. Qxd3
Rxf5 22. c4 c6 23. e4 dxe4 24. Qxe4 Bc5+ 25. Kh1 Ra7 26. Rhd3 Be7 27. Ba3 c5
28. Bc1 Rc7 29. Qg2 Qe8 30. h3 Rf8 31. Qg4 Rf5 32. Rg1 g6 33. Rg2 Rd7 34. Qd1
Rxd3 35. Qxd3 Rf8 36. Be3 Kg7 37. Rd2 Qa8+ 38. Kh2 Rd8 39. Qe2 Qe4 40. Rxd8
Bxd8 41. Qd2 Be7 42. Kg3 h5 43. Bf2 g5 44. Be3 Kg6 45. fxg5 h4+ 46. Kh2 Qxe5+
47. Bf4 Qe4 48. Bc7 Bxg5 49. Qg2 Kf5 50. Qxe4+ Kxe4 51. Bxb6 Kd4 52. Bxa5 e5
53. Be1 e4 54. a4 e3 55. Kg2 Kd3 56. a5 Ke2 57. a6 Kxe1 58. a7 Kd1 59. a8=Q e2
60. Qf3 Bd2 61. Kf2 Be1+ 62. Ke3 Bd2+ 63. Kd3 1-0

[Event "FIDE World Senior Team Championship 2020"]
[Site "Olympik hotel, Sokolovska 138,"]
[Date "2020.03.07"]
[Round "2.20"]
[White "Carsten, Juergen"]
[Black "Bradac, Roman"]
[Result "0-1"]
[WhiteElo "1781"]
[BlackElo "1974"]
[PlyCount "108"]
[EventDate "2020.03.06"]
[WhiteTeam "GER9"]
[BlackTeam "CZE8"]

1. e4 c5 2. c3 g6 3. Bc4 e6 4. d4 d5 5. exd5 exd5 6. Bb3 c4 7. Bc2 Bg7 8. Bf4
Nc6 9. Ne2 Nge7 10. Ng3 O-O 11. O-O b5 12. Nd2 a5 13. Re1 Ra7 14. Nf3 Bg4 15.
h3 Bxf3 16. Qxf3 Nc8 17. Re2 Re7 18. Bg5 f6 19. Be3 Rfe8 20. Rae1 Nb6 21. h4
Qd7 22. h5 f5 23. Bg5 Rxe2 24. Rxe2 b4 25. Kf1 a4 26. Rxe8+ Qxe8 27. Nxf5 Qf7
28. hxg6 hxg6 29. Nh4 Qxf3 30. gxf3 b3 31. axb3 cxb3 32. Bxg6 Nc4 33. Bc1 Nxd4
34. cxd4 Bxd4 35. Nf5 Bxb2 36. Bxb2 Nxb2 37. Nd4 Nc4 38. Ke2 Kg7 39. Be8 b2 40.
Ne6+ Kf6 41. Nf4 b1=Q 42. Nxd5+ Ke5 43. Bc6 Qc2+ 44. Ke1 a3 45. f4+ Kd6 46. f5
a2 47. Kf1 Nd2+ 48. Ke2 Qxc6 49. Ne3 Ne4 50. f4 a1=Q 51. f6 Qb2+ 52. Kf3 Nxf6+
53. Kg3 Qcc3 54. Kh4 Qxe3 0-1